Five Biggest Cities by Continent by Letter - O - Statistics

General Stats
  • This quiz has been taken 490 times
    476 since last reset
  • The average score is 11 of 28
Answer Stats
Population Country City % Correct
666,000 Norway Oslo
97%
2,691,000 Japan Osaka
96%
934,000 Canada Ottawa
94%
1,011,000 Ukraine Odessa
83%
1,475,000 Burkina Faso Ouagadougou
82%
803,000 Algeria Oran
73%
277,000 USA Orlando
71%
1,178,000 Russia Omsk
67%
638,000 USA Oklahoma City
66%
447,000 USA Omaha
51%
420,000 USA Oakland
44%
291,000 Czech Republic Ostrava
44%
719,000 Japan Okayama
36%
1,850,000 Sudan Omdurman
34%
564,000 Russia Orenburg
25%
428,000 Nigeria Oyo
17%
41,000 Australia Orange
15%
494,000 Morocco Oujda
12%
478,000 Japan Oita
9%
230,000 Russia Orsk
9%
265,000 Bolivia Oruro
8%
383,000 Brazil Olinda
5%
698,000 Brazil Osasco
5%
14,000 New Zealand Oamaru
3%
510,000 China Ordos
3%
144,000 Chile Osorno
3%
126,000 Venezuela Ocumare del Tuy
2%
27,000 Australia Ocean Grove
1%
No matching quizzes found
Score Distribution
Percent of People with Each Score
Percentile by Number Answered
Your Score History
You have not taken this quiz since the last reset